Straßen beginnend mit C - Moers - Statistiken

Allgemein
  • Dieses Quiz wurde 3 mal gespielt
  • Das Durchschnittsergebnis liegt bei 2 aus 19
Antwortstatistiken
Antwort % Korrekt
Christianstraße
67%
Christian-von-Wolff-Weg
67%
Charlottenstraße
33%
Claudiusstraße
33%
Callunaweg
0%
Calvinstraße
0%
Carlo-Schmid-Straße
0%
Carl-Peschken-Straße
0%
Carl-von-Ossietzky-Straße
0%
Carl-Zeiss-Straße
0%
Cecilienstraße
0%
Chemnitzer Straße
0%
Cheruskerstraße
0%
Christine-Hirschmann-Weg
0%
Christine-Teusch-Straße
0%
Clausthalstraße
0%
Cloudtstraße
0%
Cranachstraße
0%
Crusestraße
0%
Keine übereinstimmenden Quizze gefunden
Verteilung der Resultate
Anzahl Personen mit jedem Resultat
Perzentil nach korrekt beantworteten Fragen
Ihre Resultats-Entwicklung
Sie haben dieses Quiz noch nicht gespielt